Recull de bones pràctiques per fomentar l'esperit emprenedor i la creació d'empreses / [coordinació: Servei de Teixit Productiu] Servei de Teixit Productiu]
Publicado:
Barcelona :
Diputació de Barcelona. Àrea de Desenvolupament Econòmic. Servei de Teixit Productiu ,
2010
Descripción Física:
100 p. ; 29 cm
MARC
| LEADER | 00000nam a2200000Ia 4500 | ||
|---|---|---|---|
| 001 | 22972 | ||
| 008 | 160829s2010 xx 000 0 cat d | ||
| 080 | |a M-6-377 | ||
| 245 | |a Recull de bones pràctiques per fomentar l'esperit emprenedor i la creació d'empreses / [coordinació: |b Servei de Teixit Productiu] | ||
| 260 | |a Barcelona : |b Diputació de Barcelona. Àrea de Desenvolupament Econòmic. Servei de Teixit Productiu, |c 2010 | ||
| 300 | |a 100 p. ; |c 29 cm | ||
| 590 | |a Bibliografia | ||
| 650 | 0 | |a Empreses |x Creació |z Barcelona (Província) |9 43924 | |
| 650 | 0 | |a Emprenedoria |z Barcelona (Província) |9 42258 | |
| 710 | |a Barcelona (Catalunya : Província). |b Servei de Teixit Productiu |e entitat coordinadora |9 53474 | ||
| 901 | |a Arxiu | ||
| 942 | |n 1 |2 udc | ||
| 952 | |0 0 |1 0 |4 0 |6 M6377 |7 1 |9 50729 |a Arxiu |b Arxiu |d 2016-12-01 |l 0 |o M-6-377 |p 22972 |r 2016-12-01 00:00:00 |w 2016-12-01 |y ARXIU | ||
| 999 | |c 54571 |d 54571 | ||